Представление документа в формате MARC21

ПолеНазваниеЗначение
  Тип записи a
  Библиографический уровень m
001 Контрольный номер RU\infra-m\znanium\bibl\1041140
005 Дата корректировки 20230313235217.1
008 Кодируемые данные 190625s2019 RU g rus u
020 Индекс ISBN __
a ISBN 978-5-8154-0451-9
040 Источник каталогиз. __
a Служба первич. каталог. Общество с ограниченной ответственностью «ЗНАНИУМ»
041 Код языка издания __
a Код языка текста rus
044 Код страны публикации __
a Код страны публикации RU
080 Индекс УДК __
a Индекс УДК 792
084 Индекс другой классификации/Индекс ББК __
2 Источник индекса rubbk
a Индекс другой классификации/Индекс ББК 8533
084 Индекс другой классификации/Индекс ББК __
2 Источник индекса okso
a Индекс другой классификации/Индекс ББК 52.05.01
245 Заглавие __
a Заглавие История театра
b Продолж. заглавия Учебное пособие
260 Выходные данные __
a Место издания Кемерово
b Издательство ФГБОУ ВО "Кемеровский государственный институт культуры"
c Дата издания 2018
300 Физическое описание __
a Объем 48 с.
520 Аннотация __
a Аннотация Практикум по курсу «История театра» предназначен для организации аудиторной работы студентов на практических занятиях а также самостоятельной работы по освоению учебной дисциплины. Цель практикума - закрепление теоретических знаний и формирование практических умений и навыков предусмотренных рабочей программой дисциплины «История театра». В практикум включены: методические указания по подготовке к семинарским занятиям вопросы для обсуждения список литературы глоссарий. В ходе выполнения заданий обучающиеся углубляют навыки анализа критической литературы по истории театра. Условием допуска к экзамену для студентов является выполнение всех практических заданий.
521 Примеч. о цел. назн. __
a Примеч. о целев. назн. ВО - Специалитет
650 Тематические рубрики __
a Основная рубрика Архитектура. Искусство
x Основная подрубрика Театр
856 Электронный адрес документа 4_
a Имя сервера/домена znanium.com
m Помощь ebs_support@infra-m.ru
n Местонахождение сервера НИЦ ИНФРА-М
u URL https://znanium.com/catalog/document?id=344162
856 Электронный адрес документа 41
a Имя сервера/домена znanium.com
d Путь /cover/1041
f Электронное имя 1041140.jpg
q Тип электронного формата image/jpeg
u URL https://znanium.com/cover/1041/1041140.jpg
911 __
u 0030=https://znanium.com/catalog/document?id=344162
911 __
u 608a=Учебное пособие
u 6082=local
911 __
u 9031=140
911 __
u 951p=s://znanium.com/catalog/document?id=344162&pid=